000 00503nam a2200169 i 4500
001 86667
003 ES-MaACL
007 t|
008 041215s1974 sp ||||1| spa d
100 1 _aKimmig, Joseph.
_9205344
245 1 0 _aAtlas de Dermatología y Venereología /
_cJoseph Kimmig, Michael Jèanner.
260 _aBarcelona :
_bSalvat,
_c[1974]
300 _aVIII, 219 p., 55 lám. ;
_c20 cm.
700 1 _aJèanner, Michael.
_9128420
852 _aES-MaACL
_jE-6372
_bR.90699
999 _c86667
_d86667